Amerikanische Präsidenten - Sudden Death - Statistiken

Allgemein
  • Dieses Quiz wurde 3.127 mal gespielt
  • Das Durchschnittsergebnis liegt bei 9 aus 25
Answers on the Grid
Answers color-coded by a green-red scale on the quiz's grid according to % correct below.
Adams
Albany
Arthur
Bedford
Bush
Carter
Carver
Charles
Chesterfield
Columbus
Coolidge
Edmunds
Fillmore
Franklin
Garfield
Greene
Hamilton
Hancock
Harding
Harrison
Hayes
Jackson
Jefferson
Johnson
Kennedy
Kent
Lincoln
Nixon
Obama
Pence
Peterson
Pittsfield
Polk
Randolph
Reagan
Redwood
Roosevelt
Smith
Stafford
Taft
Taliaferro
Taylor
Thompson
Tondale
Trump
Ward
Washington
Wayne
Wilson
York
 
Antwortstatistiken
Antwort % Korrekt
Trump
64%
Kennedy
62%
Obama
62%
Lincoln
61%
Roosevelt
60%
Washington
60%
Bush
59%
Nixon
54%
Reagan
53%
Jefferson
46%
Carter
41%
Johnson
34%
Adams
32%
Wilson
26%
Garfield
25%
Harrison
23%
Jackson
23%
Taft
19%
Harding
17%
Taylor
17%
Coolidge
16%
Polk
15%
Fillmore
14%
Hayes
13%
Arthur
11%
Keine übereinstimmenden Quizze gefunden
Verteilung der Resultate
Anzahl Personen mit jedem Resultat
Perzentil nach korrekt beantworteten Fragen
Ihre Resultats-Entwicklung
Sie haben dieses Quiz noch nicht gespielt